| 000 | 01302nam0a22002651 4500 | ||
|---|---|---|---|
| 001 | rc\2992024 | ||
| 005 | 20110915180938.1 | ||
| 035 | _a(NLR Aleph) 007136054 | ||
| 090 |
_a7007759 _c7007759 |
||
| 100 | _a20110915d1936 |||y0rusy50 ca | ||
| 101 | 0 | _arus | |
| 102 | _aRU | ||
| 105 | _aa z ||||| | ||
| 200 | 1 |
_aКристаллическая полоса Украины, как геопетрогенетическая провинция, и средний химический состав ее магматических пород _fН.И. Безбородько |
|
| 210 |
_a[Москва] _a[Ленинград] _cИзд-во Акад. наук СССР _d1936 |
||
| 215 |
_aС. 1083-1114 _cтабл. _d26 см |
||
| 300 | _aОтд. оттиск из сборника "Академику В.И. Вернадскому к 50-летию научной и педагогической деятельности, " [М.-Л.], изд-во Акад. наук СССР, 1936, с. 1083-1114, с табл. | ||
| 300 | _aРезюме на англ. яз. | ||
| 320 | _aБиблиогр.: с. 1113 | ||
| 700 | 1 |
_aБезбородько _bН. И. _f1883-1937 _gНиколай Иванович |
|
| 801 | 0 |
_aRU _bNLR _gpsbo |
|
| 801 | 1 |
_aRU _bELAR _2rusmarc |
|
| 852 |
_aNLR _j36-12/853 |
||
| 942 | _cBOOK | ||
| 980 | _aNB | ||